Operace ve vnějších ekonomických vztazích /
Salvato in:
| Autore principale: | |
|---|---|
| Natura: | Libro |
| Lingua: | ceco |
| Pubblicazione: |
Praha :
SNTL,
1983
|
| Tags: |
Nessun Tag, puoi essere il primo ad aggiungerne!!
|
MARC
| LEADER | 00000nam a22000003a 4500 | ||
|---|---|---|---|
| 001 | stu45313 | ||
| 005 | 20150617225659.0 | ||
| 008 | 960212s1983----cs------------------cze-d | ||
| 040 | |a STU |b slo | ||
| 041 | 0 | |a cze | |
| 044 | |a cs | ||
| 100 | 1 | |a Nykryn, Jaroslav |4 xxx | |
| 245 | 1 | |a Operace ve vnějších ekonomických vztazích / |c Jaroslav Nykryn a kol | |
| 260 | |a Praha : |b SNTL, |c 1983 | ||
| 300 | |a 325 s | ||
| 996 | |b 284M014837 |c M*6458-1 |l MMKN |s A |a 24 |w stu45313_0001 | ||